header

A route for the overland stage (Record no. 38139)

MARC details
000 -LEADER
fixed length control field 01694nam a2200397Ia 4500
082 04 - DEWEY DECIMAL CLASSIFICATION NUMBER
Classification number 917.904/4092
100 1# - MAIN ENTRY--AUTHOR NAME
Personal name Petersen, Jesse G.
245 12 - TITLE STATEMENT
Title A route for the overland stage
260 ## - PUBLICATION, DISTRIBUTION, ETC. (IMPRINT)
Place of publication Logan :
Name of publisher Utah State University Press,
Year of publication c2008.
300 ## - PHYSICAL DESCRIPTION
Number of Pages viii, 248 p. :
Other physical details ill., maps.
650 #0 - SUBJECT ADDED ENTRY--TOPICAL TERM
Topical Term Scientific expeditions
856 40 - ELECTRONIC LOCATION AND ACCESS
Uniform Resource Identifier http://site.ebrary.com/lib/rucke/Doc?id=10233586

No items available.

© 2026 Rongo University
Contact us: librarian | system librarian | Rongo university